[Event "2nd Irena Warakomska Memorial-A"]
[Site "Suwalki"]
[Date "2018.08.03"]
[Round "4"]
[White "Mulet, Piotr"]
[Black "Fiedorek, Michal"]
[Result "0-1"]
[WhiteElo "2238"]
[BlackElo "1970"]
[Annotator "NA"]
[PlyCount "118"]
[EventDate "2018.08.01"]
[EventType "swiss"]
[EventCountry "POL"]
[SourceTitle "playchess.com"]
[Source "ChessBase"]
[SourceQuality "1"]
[TimeControl "40/5400+30:1800+30"]

1. c4 {[%emt 0:00:00]} Nf6 {[%emt 0:00:00]} 2. Nc3 {[%emt 0:00:00]} g6 {[%emt 0:00:00]} 3. g3 {[%emt 0:00:00]} Bg7 {[%emt 0:00:07]} 4. Bg2 {[%emt 0:00:00]} O-O {[%emt 0:00:29]} 5. d4 {[%emt 0:04:39]} d6 {[%emt 0:00:23]} 6. Nf3 {[%emt 0:01:31]} Nc6 {[%emt 0:00:13]} 7. O-O {[%emt 0:01:20]} Bg4 {[%emt 0:00:17]} 8. h3 {[%emt 0:00:37]} Bxf3 {[%emt 0:00:06]} 9. Bxf3 {[%emt 0:00:05]} Nd7 {[%emt 0:00:09]} 10. e3 {[%emt 0:08:54]} e5 {[%emt 0:00:45]} 11. d5 {[%emt 0:01:06]} Ne7 {[%emt 0:00:11]} 12. Qc2 {[%emt 0:01:23]} f5 {[%emt 0:00:45]} 13. e4 {[%emt 0:00:36]} f4 {[%emt 0:03:05]} 14. Bd2 {[%emt 0:00:20]} g5 {[%emt 0:04:44]} 15. b4 {[%emt 0:01:18]} Nf6 {[%emt 0:13:04]} 16. c5 {[%emt 0:00:10]} Qd7 {[%emt 0:06:58]} 17. Kg2 {[%emt 0:01:06]} h5 {[%emt 0:06:59]} 18. Bd1 {[%emt 0:00:24]} g4 {[%emt 0:08:11]} 19. h4 {[%emt 0:00:06]} f3+ {[%emt 0:00:40]} 20. Kh2 {[%emt 0:00:35]} Ng6 {[%emt 0:02:30]} 21. Rc1 {[%emt 0:03:19]} Nh7 {[%emt 0:11:46]} 22. c6 {[%emt 0:10:54]} bxc6 {[%emt 0:01:23]} 23. dxc6 {[%emt 0:00:05]} Qd8 {[%emt 0:06:21]} 24. Qb3+ {[%emt 0:01:40]} Kh8 {[%emt 0:00:21]} 25. Qe6 {[%emt 0:00:34]} Nxh4 {[%emt 0:08:52]} 26. Qd7 {[%emt 0:04:48]} Ng6 {[%emt 0:00:48]} 27. Nd5 {[%emt 0:03:08]} Rc8 {[%emt 0:07:54]} 28. Bb3 {[%emt 0:05:09]} Nf6 {[%emt 0:04:29]} 29. Qxd8 {[%emt 0:00:23]} Rfxd8 {[%emt 0:00:09]} 30. Bg5 {[%emt 0:00:06]} Rf8 {[%emt 0:01:03]} 31. Nc3 {[%emt 0:00:42]} Kh7 {[%emt 0:01:57]} 32. Be6 {[%emt 0:04:28]} Rb8 {[%emt 0:02:49]} 33. Rb1 {[%emt 0:00:05]} Ne8 {[%emt 0:02:20]} 34. Nd5 {[%emt 0:03:18]} Bh6 {[%emt 0:01:15]} 35. Bxh6 {[%emt 0:00:33]} Kxh6 {[%emt 0:00:05]} 36. Bf5 {[%emt 0:01:28]} Kg5 {[%emt 0:00:51]} 37. Rb3 {[%emt 0:01:03]} Rxf5 {[%emt 0:03:20]} 38. exf5 {[%emt 0:00:11]} Kxf5 {[%emt 0:00:05]} 39. Ra3 {[%emt 0:02:38]} Ke6 {[%emt 0:00:58]} 40. Ra5 {[%emt 0:00:00]} a6 {[%emt 0:00:00]} 41. Rd1 {[%emt 0:01:12]} Ne7 {[%emt 0:10:26]} 42. Nxe7 {[%emt 0:00:53]} Kxe7 {[%emt 0:00:55]} 43. b5 {[%emt 0:00:24]} axb5 {[%emt 0:05:32]} 44. Rb1 {[%emt 0:00:05]} Rb6 {[%emt 0:01:58]} 45. Raxb5 {[%emt 0:00:05]} Rxc6 {[%emt 0:00:07]} 46. a4 {[%emt 0:00:05]} Rc2 {[%emt 0:01:01]} 47. R1b2 {[%emt 0:00:42]} Rc6 {[%emt 0:01:09]} 48. a5 {[%emt 0:00:18]} Ra6 {[%emt 0:00:11]} 49. Ra2 {[%emt 0:00:06]} Nf6 {[%emt 0:03:33]} 50. Kg1 {[%emt 0:01:42]} Ne4 {[%emt 0:01:37]} 51. Rb7 {[%emt 0:00:47]} Kd7 {[%emt 0:00:25]} 52. Rb8 {[%emt 0:00:06]} d5 {[%emt 0:01:01]} 53. Rh8 {[%emt 0:00:07]} Nf6 {[%emt 0:00:35]} 54. Kf1 {[%emt 0:00:57]} Rc6 {[%emt 0:00:47]} 55. Ke1 {[%emt 0:00:50]} Ne4 {[%emt 0:00:26]} 56. Ra1 {[%emt 0:00:07]} Rc2 {[%emt 0:00:39]} 57. a6 {[%emt 0:01:22]} Re2+ {[%emt 0:00:19]} 58. Kd1 {[%emt 0:00:08]} Nxf2+ {[%emt 0:00:57]} 59. Kc1 {[%emt 0:00:14]} Nd3+ {[%emt 0:00:14]} 0-1

[Event "2nd Irena Warakomska Memorial-A"]
[Site "Suwalki"]
[Date "2018.08.03"]
[Round "4"]
[White "Bukojemski, Adam"]
[Black "Grinev, Valeriy"]
[Result "0-1"]
[WhiteElo "2233"]
[BlackElo "2416"]
[Annotator "TA"]
[PlyCount "110"]
[EventDate "2018.08.01"]
[EventType "swiss"]
[EventCountry "POL"]
[SourceTitle "playchess.com"]
[Source "ChessBase"]
[SourceQuality "1"]

{[%evp 11,110,2,8,0,8,-22,-20,-18,-23,-26,-16,-28,-27,-20,-21,-50,-40,-35,-34,-37,-52,-36,-38,-81,-37,-42,-51,-90,-55,-76,-74,-70,-69,-81,-76,-87,-67,-56,-37,-48,-54,-52,-49,-51,14,3,8,0,40,-160,-154,-152,-47,-45,-26,-37,0,-81,-25,-42,0,0,0,0,0,0,0,-6,0,-36,-36,-165,-175,-176,-145,-158,-145,-172,-172,-180,-157,-253,-233,-272,-277,-242,-168,-383,-383,-385,-384,-384,-381,-337,-329,-550,-506,-714,-653,-29981,-29981]} 1. Nf3 c5 2. c4 Nc6 3. g3 e5 4. Nc3 g6 5. d3 Bg7 6. Bg5 {A35: Symmetrical English: 2 Nc3 Nc6 3 Nf3} f6 {LiveBook: 5 Games} 7. Be3 d6 8. Qd2 $146 {The position is equal.} ({Predecessor:} 8. Bg2 Nge7 9. a3 a5 10. O-O g5 11. Nd2 h6 12. Nd5 {0-1 (60) Shchekachev,A (2531)-Vitiugov,N (2725) Berlin 2015}) 8... Be6 9. Bg2 Rb8 10. O-O Nge7 11. Bh6 O-O 12. Bxg7 Kxg7 13. Nh4 d5 14. cxd5 Nxd5 15. f4 exf4 16. gxf4 Nde7 17. Ne4 Rc8 18. e3 b6 19. Ng3 Bf7 20. a3 Qd7 21. Rad1 Bb3 22. Rc1 Rcd8 23. Rc3 Bf7 24. Qf2 Rfe8 25. Re1 a5 26. Ne4 Nd5 27. Rc2 Qe7 (27... Bg8 $15) 28. d4 $11 {[%cal Rd4c5]} f5 29. Qg3 $1 {Hoping for Nxf5+.} Nxe3 (29... Kh8 $5 30. Ng5 $8 Bg8 $11) 30. Rxe3 $2 (30. Ng5 $1 $14 {was forced to keep a grip.} Qf6 31. Rxe3 Rxe3 32. Qxe3) 30... Nxd4 $17 31. Rd3 Be6 ({Weaker is} 31... fxe4 32. Rxd4 $1 {[%mdl 512]} Qf6 33. Rxd8 $14) (31... Kf8 $17 32. Rxd4 Rxd4) 32. Rxd4 $1 $15 Rxd4 33. Nc3 Qd6 {Threatens to win with ...Rd2.} 34. Rf2 (34. Nf3 $1 $11) 34... Bd7 (34... Rd3 $17 35. Nf3 Re3) 35. Bf1 {Threatening Nb5.} Qf6 36. Nf3 Re3 {White must now prevent ...Bc6.} 37. Re2 Rxe2 38. Bxe2 Rd6 39. Ne5 $132 {[%mdl 2048] White has counterplay} Bc6 40. Nxc6 Rxc6 41. Bf3 ({White should play} 41. Kg2 $15) 41... Qd4+ 42. Qf2 Re6 43. Qxd4+ cxd4 44. Nd1 h6 45. h4 Kf6 46. Nf2 (46. Kf2 $17) 46... Re3 $19 47. Kg2 Rb3 48. Nd1 Rd3 49. Be2 $2 (49. Nf2 Rd2 50. b3) 49... Rd2 50. Kf1 d3 51. Bf3 Rh2 52. h5 g5 ({Much less strong is} 52... gxh5 53. Nf2 $19) 53. fxg5+ $2 (53. Nf2 d2 54. Nd1) 53... hxg5 54. Nf2 g4 55. Bxg4 {[#]} Rxf2+ $1 {[%mdl 512] Precision: White = 45%, Black = 63%.} 0-1

[Event "2nd Irena Warakomska Memorial-A"]
[Site "Suwalki"]
[Date "2018.08.03"]
[Round "4"]
[White "Godzwon, Iwo"]
[Black "Oglaza, Oskar"]
[Result "1/2-1/2"]
[WhiteElo "2222"]
[BlackElo "2364"]
[Annotator "NA"]
[PlyCount "95"]
[EventDate "2018.08.01"]
[EventType "swiss"]
[EventCountry "POL"]
[SourceTitle "playchess.com"]
[Source "ChessBase"]
[SourceQuality "1"]
[TimeControl "40/5400+30:1800+30"]

1. e4 {[%emt 0:00:00]} e6 {[%emt 0:00:00]} 2. d4 {[%emt 0:00:00]} d5 {[%emt 0:00:00]} 3. Nd2 {[%emt 0:00:00]} Be7 {[%emt 0:00:00]} 4. Ngf3 {[%emt 0:00:39]} Nf6 {[%emt 0:00:10]} 5. e5 {[%emt 0:00:18]} Nfd7 {[%emt 0:00:10]} 6. Bd3 {[%emt 0:00:01]} c5 {[%emt 0:00:10]} 7. c3 {[%emt 0:00:03]} Nc6 {[%emt 0:00:06]} 8. O-O {[%emt 0:00:04]} g5 {[%emt 0:00:07]} 9. dxc5 {[%emt 0:02:42]} Ndxe5 {[%emt 0:00:28]} 10. Bb5 {[%emt 0:01:03]} Ng6 {[%emt 0:05:02]} 11. Nd4 {[%emt 0:07:22]} Bd7 {[%emt 0:02:12]} 12. b4 {[%emt 0:11:55]} e5 {[%emt 0:04:26]} 13. Ne2 {[%emt 0:01:06]} O-O {[%emt 0:01:58]} 14. Ba4 {[%emt 0:12:57]} a6 {[%emt 0:07:02]} 15. Nf3 {[%emt 0:10:24]} Be6 {[%emt 0:06:20]} 16. Qd2 {[%emt 0:01:00]} h6 {[%emt 0:02:17]} 17. Rd1 {[%emt 0:02:19]} Qc7 {[%emt 0:00:56]} 18. Bb3 {[%emt 0:01:24]} Rad8 {[%emt 0:00:21]} 19. a4 {[%emt 0:00:12]} e4 {[%emt 0:10:40]} 20. Nfd4 {[%emt 0:00:30]} Nce5 {[%emt 0:00:38]} 21. f4 {[%emt 0:05:33]} gxf4 {[%emt 0:04:42]} 22. Nxf4 {[%emt 0:00:25]} Ng4 {[%emt 0:00:23]} 23. g3 {[%emt 0:02:38]} e3 {[%emt 0:02:14]} 24. Nfxe6 {[%emt 0:02:43]} fxe6 {[%emt 0:00:37]} 25. Qe2 {[%emt 0:00:01]} Nxh2 {[%emt 0:21:22]} 26. Qxh2 {[%emt 0:05:06]} Qe5 {[%emt 0:01:23]} 27. Re1 {[%emt 0:01:45]} Bg5 {[%emt 0:00:06]} 28. Ra2 {[%emt 0:02:27]} Qf6 {[%emt 0:02:22]} 29. Rae2 {[%emt 0:05:57]} e5 {[%emt 0:01:52]} 30. Nc2 {[%emt 0:01:34]} e4 {[%emt 0:00:27]} 31. Bxe3 {[%emt 0:01:51]} Ne5 {[%emt 0:02:02]} 32. Nd4 {[%emt 0:04:30]} Kh7 {[%emt 0:05:39]} 33. Bc2 {[%emt 0:08:45]} Rg8 {[%emt 0:02:01]} 34. Bxg5 {[%emt 0:00:41]} Rxg5 {[%emt 0:02:36]} 35. Rf1 {[%emt 0:02:06]} Qg6 {[%emt 0:00:46]} 36. Bd1 {[%emt 0:02:59]} Rh5 {[%emt 0:06:04]} 37. Qg2 {[%emt 0:00:30]} Ng4 {[%emt 0:00:44]} 38. Rf4 {[%emt 0:01:03]} Rh2 {[%emt 0:01:18]} 39. Qxh2 {[%emt 0:00:48]} Nxh2 {[%emt 0:00:08]} 40. Kxh2 {[%emt 0:00:00]} Qh5+ {[%emt 0:00:00]} 41. Rh4 {[%emt 0:00:48]} Qg5 {[%emt 0:02:36]} 42. Rf4 {[%emt 0:06:33]} Qh5+ {[%emt 0:00:23]} 43. Kg2 {[%emt 0:03:36]} Rg8 {[%emt 0:00:30]} 44. Re1 {[%emt 0:00:02]} Qg5 {[%emt 0:01:03]} 45. Ne2 {[%emt 0:00:03]} a5 {[%emt 0:00:26]} 46. bxa5 {[%emt 0:06:41]} Qe7 {[%emt 0:02:32]} 47. Nd4 {[%emt 0:03:13]} Qxc5 {[%emt 0:03:52]} 48. Re3 {[%emt 0:00:05]} 1/2-1/2

[Event "2nd Irena Warakomska Memorial-A"]
[Site "Suwalki"]
[Date "2018.08.03"]
[Round "4"]
[White "Jaroch, Karol"]
[Black "Jankowiak, Tomasz"]
[Result "0-1"]
[WhiteElo "2222"]
[BlackElo "2117"]
[Annotator "NA"]
[PlyCount "40"]
[EventDate "2018.08.01"]
[EventType "swiss"]
[EventCountry "POL"]
[SourceTitle "playchess.com"]
[Source "ChessBase"]
[SourceQuality "1"]
[TimeControl "40/5400+30:1800+30"]

1. e4 {[%emt 0:00:00]} e5 {[%emt 0:02:25]} 2. Nf3 {[%emt 0:00:00]} Nf6 {[%emt 0:00:02]} 3. Nxe5 {[%emt 0:00:15]} d6 {[%emt 0:00:08]} 4. Nf3 {[%emt 0:00:04]} Nxe4 {[%emt 0:00:04]} 5. Nc3 {[%emt 0:00:04]} Nxc3 {[%emt 0:00:04]} 6. dxc3 {[%emt 0:00:04]} Be7 {[%emt 0:01:27]} 7. Bf4 {[%emt 0:00:08]} Nc6 {[%emt 0:00:50]} 8. Qd2 {[%emt 0:00:10]} Be6 {[%emt 0:00:27]} 9. O-O-O {[%emt 0:00:12]} Qd7 {[%emt 0:00:29]} 10. Kb1 {[%emt 0:00:25]} a6 {[%emt 0:00:36]} 11. h3 {[%emt 0:01:08]} O-O-O {[%emt 0:00:47]} 12. Nd4 {[%emt 0:13:16]} Nxd4 {[%emt 0:00:55]} 13. cxd4 {[%emt 0:00:59]} d5 {[%emt 0:07:48]} 14. Qa5 {[%emt 0:00:50]} Bd6 {[%emt 0:04:13]} 15. Bxa6 {[%emt 0:11:22]} Bxf4 {[%emt 0:01:01]} 16. Rd3 {[%emt 0:00:25]} Qd6 {[%emt 0:27:55]} 17. Bb5 {[%emt 0:14:15]} c6 {[%emt 0:02:55]} 18. Rc3 {[%emt 0:02:14]} Bd2 {[%emt 0:07:30]} 19. Qa8+ {[%emt 0:11:28]} Kc7 {[%emt 0:00:10]} 20. Rxc6+ {[%emt 0:01:45]} Qxc6 {[%emt 0:00:06]} 0-1

[Event "2nd Irena Warakomska Memorial-A"]
[Site "Suwalki"]
[Date "2018.08.03"]
[Round "4"]
[White "Sliwicki, Damian"]
[Black "Debarshi, Mukherjee"]
[Result "1/2-1/2"]
[WhiteElo "2220"]
[BlackElo "2308"]
[Annotator "NA"]
[PlyCount "57"]
[EventDate "2018.08.01"]
[EventType "swiss"]
[EventCountry "POL"]
[SourceTitle "playchess.com"]
[Source "ChessBase"]
[SourceQuality "1"]
[TimeControl "40/5400+30:1800+30"]

1. Nf3 {[%emt 0:00:46]} c5 {[%emt 0:00:05]} 2. e4 {[%emt 0:00:21]} Nc6 {[%emt 0:00:14]} 3. Bb5 {[%emt 0:00:38]} d6 {[%emt 0:00:11]} 4. d4 {[%emt 0:00:23]} cxd4 {[%emt 0:00:10]} 5. Qxd4 {[%emt 0:00:05]} Bd7 {[%emt 0:00:08]} 6. Bxc6 {[%emt 0:00:05]} Bxc6 {[%emt 0:00:07]} 7. Nc3 {[%emt 0:00:04]} Nf6 {[%emt 0:00:26]} 8. Bg5 {[%emt 0:00:07]} e6 {[%emt 0:00:06]} 9. O-O-O {[%emt 0:00:05]} Be7 {[%emt 0:00:06]} 10. Qd3 {[%emt 0:03:24]} Qa5 {[%emt 0:00:12]} 11. h4 {[%emt 0:01:08]} Qa6 {[%emt 0:05:29]} 12. Qxa6 {[%emt 0:01:35]} bxa6 {[%emt 0:00:02]} 13. Nd4 {[%emt 0:01:45]} Bb7 {[%emt 0:04:08]} 14. f3 {[%emt 0:00:41]} O-O {[%emt 0:26:07]} 15. Nb3 {[%emt 0:00:46]} h6 {[%emt 0:07:00]} 16. Bf4 {[%emt 0:02:44]} Rad8 {[%emt 0:01:07]} 17. g4 {[%emt 0:02:39]} d5 {[%emt 0:03:39]} 18. e5 {[%emt 0:08:46]} Nd7 {[%emt 0:00:32]} 19. Nd4 {[%emt 0:10:39]} g5 {[%emt 0:12:42]} 20. hxg5 {[%emt 0:03:35]} hxg5 {[%emt 0:00:02]} 21. Bg3 {[%emt 0:02:15]} Kg7 {[%emt 0:00:03]} 22. Nce2 {[%emt 0:06:57]} Rh8 {[%emt 0:09:54]} 23. f4 {[%emt 0:03:54]} gxf4 {[%emt 0:05:54]} 24. Nxf4 {[%emt 0:02:02]} Rxh1 {[%emt 0:04:26]} 25. Rxh1 {[%emt 0:01:11]} Rg8 {[%emt 0:00:01]} 26. Rf1 {[%emt 0:03:41]} Nc5 {[%emt 0:01:10]} 27. Kd1 {[%emt 0:05:40]} Ne4 28. Be1 Rh8 29. Nh5+ 1/2-1/2

[Event "2nd Irena Warakomska Memorial-A"]
[Site "Suwalki"]
[Date "2018.08.03"]
[Round "4"]
[White "Zaika, Daniil"]
[Black "Szostko, Jakub"]
[Result "0-1"]
[WhiteElo "2213"]
[BlackElo "2299"]
[Annotator "NA"]
[PlyCount "54"]
[EventDate "2018.08.01"]
[EventType "swiss"]
[EventCountry "POL"]
[SourceTitle "playchess.com"]
[Source "ChessBase"]
[SourceQuality "1"]
[TimeControl "40/5400+30:1800+30"]

1. d4 {[%emt 0:00:00]} Nf6 {[%emt 0:00:00]} 2. c4 {[%emt 0:00:00]} e6 {[%emt 0:00:00]} 3. Nf3 {[%emt 0:00:51]} Bb4+ {[%emt 0:00:00]} 4. Nbd2 {[%emt 0:00:35]} d6 {[%emt 0:00:18]} 5. a3 {[%emt 0:09:03]} Bxd2+ {[%emt 0:00:20]} 6. Qxd2 {[%emt 0:00:06]} Nbd7 {[%emt 0:00:56]} 7. e3 {[%emt 0:01:08]} e5 {[%emt 0:01:52]} 8. Qc2 {[%emt 0:04:47]} Qe7 {[%emt 0:03:22]} 9. Be2 {[%emt 0:00:20]} O-O {[%emt 0:01:21]} 10. O-O {[%emt 0:00:10]} Re8 {[%emt 0:02:17]} 11. b4 {[%emt 0:09:10]} e4 {[%emt 0:11:13]} 12. Nd2 {[%emt 0:04:26]} c6 {[%emt 0:01:17]} 13. Re1 {[%emt 0:05:58]} d5 {[%emt 0:04:03]} 14. c5 {[%emt 0:15:43]} Nf8 {[%emt 0:02:22]} 15. b5 {[%emt 0:00:39]} h5 {[%emt 0:09:30]} 16. Nf1 {[%emt 0:11:44]} h4 {[%emt 0:08:03]} 17. h3 {[%emt 0:00:38]} N6h7 {[%emt 0:04:21]} 18. bxc6 {[%emt 0:00:25]} bxc6 {[%emt 0:00:29]} 19. Qa4 {[%emt 0:04:03]} Qg5 {[%emt 0:02:55]} 20. Kh1 {[%emt 0:11:12]} Qf6 {[%emt 0:06:12]} 21. Bd2 {[%emt 0:04:39]} Qxf2 {[%emt 0:08:37]} 22. Qxc6 {[%emt 0:06:40]} Re6 {[%emt 0:01:58]} 23. Qxd5 {[%emt 0:01:38]} Rg6 {[%emt 0:00:35]} 24. Qxe4 {[%emt 0:00:05]} Bxh3 {[%emt 0:00:49]} 25. Bf3 {[%emt 0:00:04]} Bxg2+ {[%emt 0:01:50]} 26. Bxg2 {[%emt 0:00:08]} h3 {[%emt 0:00:07]} 27. Qxg6 Nxg6 0-1

[Event "2nd Irena Warakomska Memorial-A"]
[Site "Suwalki"]
[Date "2018.08.03"]
[Round "4"]
[White "Fus, Jakub"]
[Black "Leniart, Arkadiusz"]
[Result "0-1"]
[WhiteElo "2210"]
[BlackElo "2498"]
[Annotator "ChessBase"]
[PlyCount "80"]
[EventDate "2018.08.01"]
[EventType "swiss"]
[EventCountry "POL"]
[SourceTitle "playchess.com"]
[Source "ChessBase"]
[SourceQuality "1"]
[TimeControl "40/5400+30:1800+30"]

1. e4 {[%emt 0:00:00]} e5 {[%emt 0:00:00]} 2. Nf3 {[%emt 0:00:00]} Nc6 {[%emt 0:00:00]} 3. Bb5 {[%emt 0:00:08]} a6 {[%emt 0:00:00]} 4. Ba4 {[%emt 0:00:18]} Nf6 {[%emt 0:00:07]} 5. d3 {[%emt 0:00:19]} d6 {[%emt 0:00:54]} 6. c4 {[%emt 0:00:23]} Be7 {[%emt 0:03:15]} 7. h3 {[%emt 0:00:31]} O-O {[%emt 0:00:27]} 8. O-O {[%emt 0:00:21]} Nd7 {[%emt 0:01:54]} 9. Be3 {[%emt 0:00:57]} Bf6 {[%emt 0:06:53]} 10. Nc3 {[%emt 0:00:53]} Nc5 {[%emt 0:01:45]} 11. Bxc6 {[%emt 0:00:58]} bxc6 {[%emt 0:00:07]} 12. Bxc5 {[%emt 0:00:46]} dxc5 {[%emt 0:00:06]} 13. Qe2 {[%emt 0:02:46]} Qd6 {[%emt 0:03:12]} 14. Rad1 {[%emt 0:02:31]} Rb8 {[%emt 0:02:43]} 15. Na4 {[%emt 0:11:17]} Rb4 {[%emt 0:01:06]} 16. b3 {[%emt 0:00:20]} Re8 {[%emt 0:00:11]} 17. Qe3 {[%emt 0:03:54]} Be7 {[%emt 0:00:05]} 18. Ne1 {[%emt 0:00:14]} Rb8 {[%emt 0:01:18]} 19. Nc2 {[%emt 0:01:58]} Be6 {[%emt 0:02:37]} 20. Kh1 {[%emt 0:05:29]} Bf8 {[%emt 0:02:03]} 21. Qf3 {[%emt 0:18:20]} Rbd8 {[%emt 0:01:49]} 22. Ne3 {[%emt 0:00:38]} Bc8 {[%emt 0:00:19]} 23. Rg1 {[%emt 0:03:27]} g6 {[%emt 0:04:05]} 24. g4 {[%emt 0:05:17]} f6 {[%emt 0:01:29]} 25. Kg2 {[%emt 0:01:37]} Bh6 {[%emt 0:03:19]} 26. Kf1 {[%emt 0:00:48]} Kh8 {[%emt 0:00:20]} 27. Ke2 {[%emt 0:04:48]} Rf8 {[%emt 0:01:13]} 28. h4 {[%emt 0:02:11]} Bf4 {[%emt 0:01:22]} 29. h5 {[%emt 0:07:32]} gxh5 {[%emt 0:18:20]} 30. gxh5 {[%emt 0:13:20]} f5 {[%emt 0:00:05]} 31. Nxf5 {[%emt 0:00:27]} Bxf5 {[%emt 0:00:30]} 32. exf5 {[%emt 0:00:03]} Rxf5 {[%emt 0:00:10]} 33. Qe4 {[%emt 0:07:13]} Rdf8 {[%emt 0:01:15]} 34. Rdf1 {[%emt 0:03:09]} Bh6 {[%emt 0:02:44]} 35. Rg4 {[%emt 0:01:52]} Rf4 {[%emt 0:02:06]} 36. Rxf4 {[%emt 0:00:14]} Rxf4 {[%emt 0:00:12]} 37. Qg2 {[%emt 0:00:09]} e4 {[%emt 0:00:53]} 38. dxe4 {[%emt 0:02:13]} Qd4 {[%emt 0:00:33]} 39. Nxc5 {[%emt 0:01:26]} Qb2+ {[%emt 0:01:05]} 40. Ke1 {[%emt 0:00:00]} Rg4 {[%emt 0:00:00]} 0-1

[Event "2nd Irena Warakomska Memorial-A"]
[Site "Suwalki"]
[Date "2018.08.03"]
[Round "4"]
[White "Budrewicz, Krzysztof"]
[Black "Szustakowski, Antoni"]
[Result "1/2-1/2"]
[WhiteElo "2203"]
[BlackElo "2300"]
[Annotator "NA"]
[PlyCount "67"]
[EventDate "2018.08.01"]
[EventType "swiss"]
[EventCountry "POL"]
[SourceTitle "playchess.com"]
[Source "ChessBase"]
[SourceQuality "1"]
[TimeControl "40/5400+30:1800+30"]

1. d4 {[%emt 0:00:00]} e6 {[%emt 0:00:00]} 2. c4 {[%emt 0:00:00]} Nf6 {[%emt 0:00:00]} 3. Nc3 {[%emt 0:00:00]} Bb4 {[%emt 0:00:12]} 4. e3 {[%emt 0:00:04]} O-O {[%emt 0:00:07]} 5. Nge2 {[%emt 0:00:06]} Re8 {[%emt 0:00:12]} 6. a3 {[%emt 0:04:17]} Bf8 {[%emt 0:00:17]} 7. e4 {[%emt 0:01:07]} d6 {[%emt 0:17:34]} 8. g3 {[%emt 0:01:20]} c5 {[%emt 0:01:16]} 9. Bg2 {[%emt 0:02:33]} cxd4 {[%emt 0:00:51]} 10. Nxd4 {[%emt 0:00:31]} a6 {[%emt 0:00:31]} 11. O-O {[%emt 0:01:47]} Qc7 {[%emt 0:00:11]} 12. Bg5 {[%emt 0:02:23]} Nbd7 {[%emt 0:02:17]} 13. Rc1 {[%emt 0:00:28]} h6 {[%emt 0:02:52]} 14. Be3 {[%emt 0:02:30]} Ne5 {[%emt 0:02:45]} 15. b3 {[%emt 0:02:29]} Bd7 {[%emt 0:00:37]} 16. h3 {[%emt 0:00:26]} Qa5 {[%emt 0:03:22]} 17. f4 {[%emt 0:01:35]} Nc6 {[%emt 0:00:18]} 18. a4 {[%emt 0:00:46]} Rab8 {[%emt 0:02:45]} 19. g4 {[%emt 0:03:26]} Nxd4 {[%emt 0:06:26]} 20. Qxd4 {[%emt 0:03:33]} e5 {[%emt 0:03:29]} 21. Qb6 {[%emt 0:04:32]} Qxb6 {[%emt 0:00:14]} 22. Bxb6 {[%emt 0:00:02]} exf4 {[%emt 0:02:11]} 23. Rxf4 {[%emt 0:00:22]} Be6 {[%emt 0:05:51]} 24. Rd1 {[%emt 0:12:29]} Rec8 {[%emt 0:03:40]} 25. Ba7 {[%emt 0:11:51]} Ra8 {[%emt 0:00:07]} 26. Be3 {[%emt 0:01:36]} Nd7 {[%emt 0:01:14]} 27. Rf2 {[%emt 0:01:48]} Ne5 {[%emt 0:11:01]} 28. Rfd2 {[%emt 0:02:05]} Rc6 {[%emt 0:02:03]} 29. Nd5 {[%emt 0:00:59]} Re8 {[%emt 0:04:18]} 30. Nf4 {[%emt 0:11:00]} Bc8 {[%emt 0:06:20]} 31. Nd3 {[%emt 0:00:42]} Be6 {[%emt 0:04:24]} 32. Nf4 {[%emt 0:08:31]} Bc8 {[%emt 0:00:51]} 33. Nd3 {[%emt 0:04:41]} Be6 {[%emt 0:00:15]} 34. Nf4 {[%emt 0:01:55]} 1/2-1/2

[Event "2nd Irena Warakomska Memorial-A"]
[Site "Suwalki"]
[Date "2018.08.03"]
[Round "4"]
[White "Dzhuguryan, Tygran"]
[Black "Schippers, Maurice"]
[Result "1-0"]
[WhiteElo "2179"]
[BlackElo "2303"]
[Annotator "NA"]
[PlyCount "115"]
[EventDate "2018.08.01"]
[EventType "swiss"]
[EventCountry "POL"]
[SourceTitle "playchess.com"]
[Source "ChessBase"]
[SourceQuality "1"]
[TimeControl "40/5400+30:1800+30"]

1. d4 Nf6 2. c4 c5 3. d5 b5 4. cxb5 a6 5. bxa6 g6 6. Nc3 Bxa6 7. e4 Bxf1 8. Kxf1 d6 9. Nf3 Bg7 10. g3 O-O 11. Kg2 Nbd7 12. a4 Qb6 13. Qc2 Rfb8 14. Nb5 Ne8 15. Bg5 Qd8 16. Rab1 h6 17. Be3 Nb6 18. b3 Nc7 19. Nxc7 Qxc7 20. Bd4 Qb7 21. Bxg7 Kxg7 22. b4 Qc8 23. a5 Nd7 24. b5 Nf6 25. a6 e6 26. dxe6 Qxe6 27. Rhe1 Nd7 28. Re3 Kg8 29. Ra3 Nb6 30. Nd2 Re8 31. Kg1 d5 32. exd5 Qxd5 33. Rd3 Qh5 34. Qd1 Qg5 35. h4 Qf6 36. Qf3 Qe6 37. Re3 Qa2 38. Rbe1 Rxe3 39. Qxe3 Qa5 40. Rb1 c4 41. Ne4 Kh7 42. Qd4 h5 43. Qc3 Qa2 44. Ra1 Qe2 45. Re1 Qd3 46. Ng5+ Kg8 47. Qf6 Qf5 48. Qxb6 c3 49. Qc6 Rc8 50. Re8+ Rxe8 51. Qxe8+ Kg7 52. Qc6 Qb1+ 53. Kg2 c2 54. a7 c1=Q 55. Qxc1 Qxc1 56. a8=Q Qc4 57. Qb7 Kh6 58. Nxf7+ 1-0

[Event "2nd Irena Warakomska Memorial-A"]
[Site "Suwalki"]
[Date "2018.08.03"]
[Round "4"]
[White "Paprocki, Jaroslaw"]
[Black "Marszalek, Maciej"]
[Result "1/2-1/2"]
[WhiteElo "2177"]
[BlackElo "2269"]
[Annotator "NA"]
[PlyCount "54"]
[EventDate "2018.08.01"]
[EventType "swiss"]
[EventCountry "POL"]
[SourceTitle "playchess.com"]
[Source "ChessBase"]
[SourceQuality "1"]
[TimeControl "40/5400+30:1800+30"]

1. e4 {[%emt 0:00:00]} e5 {[%emt 0:00:00]} 2. Nf3 {[%emt 0:01:15]} Nc6 {[%emt 0:00:00]} 3. Bb5 {[%emt 0:02:31]} a6 {[%emt 0:00:00]} 4. Ba4 {[%emt 0:00:25]} Nf6 {[%emt 0:00:09]} 5. O-O {[%emt 0:00:33]} Be7 {[%emt 0:00:42]} 6. d3 {[%emt 0:03:21]} b5 {[%emt 0:02:28]} 7. Bb3 {[%emt 0:00:03]} O-O {[%emt 0:00:45]} 8. Nc3 {[%emt 0:01:34]} d6 {[%emt 0:01:00]} 9. Nd5 {[%emt 0:03:02]} h6 {[%emt 0:12:43]} 10. c3 {[%emt 0:08:03]} Rb8 {[%emt 0:04:21]} 11. a3 {[%emt 0:03:19]} Na5 {[%emt 0:05:35]} 12. Ba2 {[%emt 0:00:31]} Nxd5 {[%emt 0:02:57]} 13. Bxd5 {[%emt 0:06:09]} c6 {[%emt 0:05:21]} 14. Ba2 {[%emt 0:00:15]} Be6 {[%emt 0:04:38]} 15. Bxe6 {[%emt 0:02:10]} fxe6 {[%emt 0:00:03]} 16. b4 {[%emt 0:02:20]} Nb7 {[%emt 0:00:01]} 17. a4 {[%emt 0:03:53]} Bf6 {[%emt 0:05:07]} 18. axb5 {[%emt 0:00:41]} axb5 {[%emt 0:00:02]} 19. Be3 {[%emt 0:07:29]} d5 {[%emt 0:01:49]} 20. Qb3 {[%emt 0:01:36]} Kh8 {[%emt 0:00:47]} 21. Rfe1 {[%emt 0:06:33]} Ra8 {[%emt 0:03:34]} 22. Rxa8 {[%emt 0:04:34]} Qxa8 {[%emt 0:00:58]} 23. d4 {[%emt 0:00:27]} exd4 {[%emt 0:02:08]} 24. Nxd4 {[%emt 0:00:09]} Bxd4 {[%emt 0:01:44]} 25. Bxd4 {[%emt 0:00:09]} Nd6 {[%emt 0:01:00]} 26. exd5 {[%emt 0:00:22]} exd5 {[%emt 0:03:57]} 27. Qb2 {[%emt 0:03:13]} Nf5 {[%emt 0:03:57]} 1/2-1/2